|
|
|
|
| LEADER |
00896nam a2200241 i 4500 |
| 001 |
c000384754 |
| 003 |
CARM |
| 005 |
00000000000000.0 |
| 008 |
810422s1901 k 00001 eng d |
| 019 |
1 |
|
|a 2560797
|5 LACONCORD2021
|
| 035 |
|
|
|a (OCoLC)38577918
|5 LACONCORD2021
|
| 040 |
|
|
|a VDU
|c VDU
|
| 041 |
1 |
|
|a engfre
|
| 082 |
0 |
4 |
|a 843/.7
|2 19
|
| 100 |
1 |
|
|a Balzac, Honoré de,
|d 1799-1850.
|
| 245 |
1 |
0 |
|a Old Goriot =
|b Le père Goriot /
|c H. de Balzac ; translated by Ellen Marriage ; with a preface by George Saintsbury.
|
| 250 |
|
|
|a 2nd ed.
|
| 260 |
|
|
|a London :
|b J.M. Dent,
|c 1901.
|
| 300 |
|
|
|a 308 p. ;
|c 20 cm.
|
| 490 |
0 |
|
|a Comédie humaine / H. de Balzac.
|
| 852 |
8 |
|
|b CARM
|h A3:AD35A0
|i A05558
|p 0480679
|f BK
|
| 999 |
f |
f |
|i cff33144-ac08-5829-bff6-235041840649
|s d6d262dd-c9a8-5930-a46e-518f4aa53d44
|
| 952 |
f |
f |
|p Can circulate
|a CAVAL
|b CAVAL
|c CAVAL
|d CARM 1 Store
|e A05558
|f A3:AD35A0
|h Other scheme
|i book
|m 0480679
|